LA GRECIA CLASICA /
Αποθηκεύτηκε σε:
| Κύριος συγγραφέας: | |
|---|---|
| Μορφή: | Βιβλίο |
| Σειρά: | LAS GRANDES EPOCAS DE LA HUMANIDAD
|
| Θέματα: | |
| Ετικέτες: |
Δεν υπάρχουν, Καταχωρήστε ετικέτα πρώτοι!
|
MARC
| LEADER | 00000nam^a2200000^a^4500 | ||
|---|---|---|---|
| 001 | 000243261 | ||
| 005 | 20250521000000.0 | ||
| 009 | 20260310105330.678 | ||
| 035 | |a 066315 | ||
| 037 | |a Acervo Xavier Clavigero | ||
| 082 | |a 709. 495 |b BOW | ||
| 100 | |a Bowra, C.M. |e (autor) | ||
| 245 | 1 | 3 | |a LA GRECIA CLASICA / |c C.M. BOWRA |
| 264 | |a NEDERLAND : |b TIME-LIFE INTERNATIONAL, |c 1967 | ||
| 300 | |a 192 p. : |b retrs. | ||
| 336 | |a texto |b txt |2 rdacontenido | ||
| 337 | |a sin mediación |b n |2 rdamedio | ||
| 338 | |a volumen |b nc |2 rdasoporte | ||
| 440 | |a LAS GRANDES EPOCAS DE LA HUMANIDAD | ||
| 649 | |a XX | ||
| 650 | |a Arte Griego - |x Historia y Crítica | ||
| 650 | |a Arte - |x Historia y Crítica | ||
| 910 | |a Fondo General | ||
| 920 | |a Impresos - Libros | ||
| 930 | |a Colección General | ||
| 905 | |a 101 | ||
| 901 | |a 066315 |b IT1 |c ACC |i 066315 |u 20250521 | ||
| 902 | |a https://opac.biblio.iteso.mx/vufind/Record/000243261 | ||